Central Library OPAC University of Rajshahi

Disarmament : (Record no. 32319)

MARC details
000 -LEADER
fixed length control field 01592cam a2200337 a 4500
001 - CONTROL NUMBER
control field 32319
003 - CONTROL NUMBER IDENTIFIER
rucl marc code BD-RjUL
005 - DATE AND TIME OF LATEST TRANSACTION
control field 20211209051821.0
008 - FIXED-LENGTH DATA ELEMENTS--GENERAL INFORMATION
fixed length control field 140426s1995 nyu i000 0 eng
020 ## - INTERNATIONAL STANDARD BOOK NUMBER
International Standard Book Number 9211422167
035 ## - SYSTEM CONTROL NUMBER
System control number (BD-RjUL)32408
040 ## - CATALOGING SOURCE
Original cataloging agency DLC
Transcribing agency DLC
Modifying agency DLC
Language of cataloging eng
041 ## - LANGUAGE CODE
Language code of text/sound track or separate title eng
082 04 - DEWEY DECIMAL CLASSIFICATION NUMBER
Classification number 327.174
Author mark and year DID 1995
111 2# - MAIN ENTRY--MEETING NAME
Meeting name or jurisdiction name as entry element Disarmament Week Symposium
Date of meeting (1994 :
Location of meeting United Nations)
9 (RLIN) 98320
245 10 - TITLE STATEMENT
Title Disarmament :
Remainder of title ending reliance on nuclear and conventional arms /
246 30 - VARYING FORM OF TITLE
Title proper/short title Ending reliance on nuclear and conventional arms
260 ## - PUBLICATION, DISTRIBUTION, ETC. (IMPRINT)
Place of publication, distribution, etc. New York :
Name of publisher, distributor, etc. United Nations,
Date of publication, distribution, etc. c1995.
300 ## - PHYSICAL DESCRIPTION
Pagination v, 155 p. ;
Size 28 cm.
500 ## - GENERAL NOTE
General note "Edited transcripts of the Disarmament Week Symposium held from 25 to 27 October 1994 at the United Nations, sponsored by the United Nations Centre for Disarmament Affairs, the United Nations Department of Public Information, and the NGO Committee on Disarmament, and of the panel discussion on the land mines crisis, sponsored by the NGO Committee on Disarmament and held on 16 November 1994 at the United Nations."
General note At head of title: United Nations Centre for Disarmament Affairs.
General note "United Nations publication sales no. E.95.IX.4"--T.p. verso.
650 #0 - SUBJECT ADDED ENTRY--TOPICAL TERM
Topical term or geographic name as entry element Nuclear disarmament.
9 (RLIN) 98321
Topical term or geographic name as entry element Arms control.
9 (RLIN) 98322
710 2# - ADDED ENTRY--CORPORATE NAME
Corporate name or jurisdiction name as entry element United Nations.
Subordinate unit Centre for Disarmament Affairs.
9 (RLIN) 98323
Corporate name or jurisdiction name as entry element United Nations.
Subordinate unit Department of Public Information.
9 (RLIN) 14034
Corporate name or jurisdiction name as entry element NGO Committee on Disarmament.
9 (RLIN) 98324
942 ## - ADDED ENTRY ELEMENTS (KOHA)
Source of classification or shelving scheme Dewey Decimal Classification
Koha item type Books
Holdings
Lost status Source of classification or shelving scheme Damaged status Not for loan Collection code Permanent Location Current Location Shelving location Date acquired Source of acquisition Total Checkouts Full call number Date last seen Copy number Koha item type
  Dewey Decimal Classification   Not For Loan Non-fiction Central Library, University of Rajshahi Central Library, University of Rajshahi Reading Room 23/04/1996 United Nations   327.174 DID 1995 26/04/2014 C-1 Books